Thermodynamics (Record no. 7801)

000 -LEADER
fixed length control field 00495nam a22002057a 4500
001 - CONTROL NUMBER
control field 7801
003 - CONTROL NUMBER IDENTIFIER
control field BD-DhUET
008 - FIXED-LENGTH DATA ELEMENTS--GENERAL INFORMATION
fixed length control field 141212b xxu||||| |||| 00| 0 eng d
040 ## - CATALOGING SOURCE
Transcribing agency 0
Modifying agency BD-DhUET
082 ## - DEWEY DECIMAL CLASSIFICATION NUMBER
Classification number 621.01
Item number OBE/1963
100 ## - MAIN ENTRY--PERSONAL NAME
Personal name Obert, Edward F.
245 ## - TITLE STATEMENT
Title Thermodynamics
250 ## - EDITION STATEMENT
Edition statement 2nd ed.
260 ## - PUBLICATION, DISTRIBUTION, ETC. (IMPRINT)
Place of publication, distribution, etc. New York
Name of publisher, distributor, etc. McGraw-Hill Book
Date of publication, distribution, etc. 1963
300 ## - PHYSICAL DESCRIPTION
Extent xxi,596p.
504 ## - BIBLIOGRAPHY, ETC. NOTE
Bibliography, etc Includes bibliographies
650 #0 - SUBJECT ADDED ENTRY--TOPICAL TERM
Topical term or geographic name as entry element Thermodynamics
700 ## - ADDED ENTRY--PERSONAL NAME
Personal name Gaggioli, Richard A.
942 ## - ADDED ENTRY ELEMENTS (KOHA)
Koha item type General Book
Holdings
Koha date last seen Not for loan Koha full call number Damaged status Price effective from Shelving location Withdrawn status Piece designation (barcode) Koha normalized classification for sorting Sublocation or collection (holding branch) Location (home branch) Koha item type Copy number Lost status Source of classification or shelving scheme Date acquired
2014-12-12 621.01/OBE/1963 2014-12-12Circulation section 6402621_010000000000000_OBE_1963Central Library, BUETCentral Library, BUETGeneral Book1  2014-12-12
2014-12-12 621.01/OBE/1963 2014-12-12Circulation section 6403621_010000000000000_OBE_1963Central Library, BUETCentral Library, BUETGeneral Book2  2014-12-12
2014-12-12 621.01/OBE/1963 2014-12-12Circulation section 15731621_010000000000000_OBE_1963Central Library, BUETCentral Library, BUETGeneral Book3  2014-12-12
2014-12-12 621.01/OBE/1963 2014-12-12Circulation section 18703621_010000000000000_OBE_1963Central Library, BUETCentral Library, BUETGeneral Book4  2014-12-12
2014-12-12 621.01/OBE/1963 2014-12-12Circulation section 18706621_010000000000000_OBE_1963Central Library, BUETCentral Library, BUETGeneral Book5  2014-12-12
2014-12-12 621.01/OBE/1963 2014-12-12Circulation section 18708621_010000000000000_OBE_1963Central Library, BUETCentral Library, BUETGeneral Book6  2014-12-12
2014-12-12 621.01/OBE/1963 2014-12-12Circulation section 18705621_010000000000000_OBE_1963Central Library, BUETCentral Library, BUETGeneral Book7  2014-12-12
2014-12-12 621.01/OBE/1963 2014-12-12Circulation section 18702621_010000000000000_OBE_1963Central Library, BUETCentral Library, BUETGeneral Book8  2014-12-12
2015-04-12 621.01/OBE/1963 2015-04-12Circulation section 18707621_010000000000000_OBE_1963Central Library, BUETCentral Library, BUETGeneral Book9  2015-04-12